LEADER 00854nab a2200133 i 4500 001 000000327254 003 CaOOAMICUS 005 20180831173538.0 008 180831n it uu u0 0ita r 013 $a38450 040 $aSeMil$bita 245 10$aTra miseria e misericordia. L'estate dei nostri seminaristi con i fidei donum in contesti spesso difficili. Zambia, Haiti e Albania: alcuni seminaristi hanno fatto un'esperienza missionaria... Albania. - In [rubrica] :$bEsperienze estive. 773 0 $tNuovo anno alla sequela di Gesù. - 32 p. - Titolo dalla copertina.$gp.6-7$w()288127 996 $6245$aTra miseria e misericordia. L'estate dei nostri seminaristi con i fidei donum in contesti spesso difficili. Zambia, Haiti e Albania: alcuni seminaristi hanno fatto un'esperienza missionaria... Albania. - In [rubrica] :$bEsperienze estive.$9(OLS)http://semarc/title/415885 LEADER 01039nam a2200277 i 4500 001 000000036210 003 CaOOAMICUS 005 20251217121511.0 008 050211s1991 it u000 u ita u 013 $a5397 020 $a88-7610-275-2 040 $aSeMil$bita 245 12$aI Praenotanda dei nuovi libri liturgici /$ca cura di don Antonio Donghi. 250 $a2. ed. 260 $aMilano :$bÀncora,$c1991. 300 $a884 p. ;$c20 cm. + [1] all. 500 $aContiene : Bibliografia. 650 4$aLibri liturgici - Studi.$0(OLS)http://semarc/subject/59236 700 1 $aDonghi, Antonio.$0(OLS)http://semarc/name/15540 850 $aSeMil 852 $aSeMil$W1$xVenegono$y1$m3K I 304$j2365$B2365$CSeMilBibl$Z2$F2365 $81 961 $aLascito: Citterio Ecc. Bernardo 996 $6020$a88-7610-275-2$9(OLS)http://semarc/number/4731 996 $6245$aI Praenotanda dei nuovi libri liturgici$9(OLS)http://semarc/title/49989 996 $6260$aMilano :$bÀncora$9(OLS)http://semarc/publisher/29763